00379nam a2200133Ia 450000500170000000800410001702000150005808200130007310000210008624500420010726000280014930000130017750000550019020250703153737.0240331s9999 xx 000 0 und d a9559767852 bMALa909 aMallikarachchi,D 0aKarl Poper maxwadaye viyaja vivekayak bAuthor's Statmentc2003 a193 p ., aA book of Karl Popper is a false Critic of Marxism